000 00768nam a2200265Ia 4500
001 Para_5117
003 CHAP
008 220125s1926 xx 000 0 und d
010 _a203546
040 _cCHAP
090 _aPA FOLLETO 2458
100 _aKendrick, James B
_963020
245 _aHolcus bacterial spot of Zea mays and holcus species /
_c James B. Kendrick
260 _aAmes, Iowa :
_b Agricultural Experiment Station
300 _a304-334 p.
440 _aIowa. Agri. Exp. Sta. Research. Bull; 100
_9169396
650 _aMaĆ­z
_x Enfermedades
_970939
901 _aPA FOLLETO 2458
902 _aA
905 _a0000001926 AME 0000000000 00
910 _a1926
942 _cPARA
942 _cPARA
_d1
999 _c203546
_d203546